000 01189nam a22002777a 4500
005 20170324144123.0
008 140714b xxu||||| |||| 00| 0 Urdu d
010 _aUR-8556 B-548317-320 B-665948
020 _c295.00
_a9788176504614
035 _aU-7111 B-548317-320 B-665948
037 _bBPPD/Publishers/Venders
037 _bDBAD/Pub.
037 _bStar Pub(.Ven)/Star Pub.(Pub.)
040 _aDPL
_bUrdu
082 _a ک
100 _aکر شن چند ر
245 _aہم و حشی ہين
_cکر شن چند ر
246 _aHum Wahshi Hain( stories)
_bby Krishan Chander
260 _bStar Publictions
_bStar Publications.( Vender)
_c2013
260 _a4/5Asaf Ali Road,New Delhi-110002
270 _aSuit 4b,floor 15,Webbley point, 1 Harrow Road,Wemley H A 96 DE(U.K)
_bU.K.
300 _a144ص
_c22Cm(Pb)
942 _2ddc
_cUR
_mک ر ش
_h ک
999 _c87847
_d87847